=LDR 00000nam 2200000 4500 =001 INLIS000000000045948 =990 ##$$a 21421108 =005 20221021084708 =990 ##$$a 21421107 =035 ##$$a 0010-021500000000508 =990 ##$$a 21421110 =008 221021################g##########0#ind## =990 ##$$a 21421111 =040 ##$$a NBPDMAT =990 ##$$a 21421109 =082 ##$$a 028.5 =990 ##$$a 21601397/BPAP-NTB/2017 =090 ##$$a 028.5 $b Cat m =990 ##$$a 21601398/BPAP-NTB/2017 =100 ##$$a Cathlyn =245 1#$$a Menyelamatkan Bumi /$c Cathlyn;Editor, Gratia =250 ##$$a Cet.1 =260 ##$$a Yogyakarta :$b Andi,$c 2011 =300 ##$$a iv, 32 hlm : $b Ilus ; $c 19 x 24 Cm. =650 #4$$a Bacaan Kanak - Kanak =850 ##$$a NBPDMAT =020 ##$$a 978-979-29-2746 =084 ##$$a 028.5 CAT m =990 ##$$a 21421107 =990 ##$$a 21421108 =990 ##$$a 21421110 =990 ##$$a 21421111 =990 ##$$a 21421109 =990 ##$$a 21601397/BPAP-NTB/2017 =990 ##$$a 21601398/BPAP-NTB/2017 =990 ##$$a 21421107 =990 ##$$a 21421108 =990 ##$$a 21421110 =990 ##$$a 21421111 =990 ##$$a 21421109 =990 ##$$a 21601397/BPAP-NTB/2017 =990 ##$$a 21601398/BPAP-NTB/2017